LEADER 01399nam a2200313 4500 001 000000362349 003 CaOOAMICUS 005 20250328134556.0 008 250328s2017 it 000 u ita r 020 $a978-88-6473-196-4 040 $aSeMil$bita 100 1 $aKant, Immanuel,$d<1724-1804>.$0(OLS)http://semarc/name/2543 240 10$aBeantwortung der Frage: was ist Aufklärung?.$0(OLS)http://semarc/title/453235 245 10$aChe cos'è l'illuminismo? /$cImmanuel Kant ; con altri testi e risposte di: Erhard ... [et al.] ; a cura di Nicolao Merker. 264 1$aRoma :$bEditori Riuniti,$c2017. 300 $a196 p. ;$c21 cm 490 1 $aBiblioteca 500 $aCollezione indicata su sito editore 650 4$aIlluminismo.$0(OLS)http://semarc/subject/311 700 1 $aMerker, Nicolao,$d<1931-2016>.$0(OLS)http://semarc/name/6632 700 1 $aErhard, Johann Benjamin.$0(OLS)http://semarc/name/121800 830 0$aBiblioteca.$0(OLS)http://semarc/title/7577 850 $aSeMil 852 $aSeMil$W1$xVenegono$y1$m2P IV 877$j255524$B253263$CSeMilBibl$Z2$F253263 $81 961 $aBuzzi mons. Franco - Omaggio 996 $6020$a978-88-6473-196-4$9(OLS)http://semarc/number/302875 996 $6245$aChe cos'è l'illuminismo?$9(OLS)http://semarc/title/453236 996 $6264$aRoma :$bEditori Riuniti$9(OLS)http://semarc/publisher/30240 LEADER 01437nam a2200337 i 4500 001 000000108598 003 CaOOAMICUS 005 20260126145949.0 008 021007s1993 it u000 u ita u 013 $a81278 040 $aSeMil$bita 100 0 $aAugustinus, Aurelius,$c.$0(OLS)http://semarc/name/498 240 10$aConfessiones.$0(OLS)http://semarc/title/29155 245 13$aLe confessioni /$cAgostino d'Ippona ; a cura e con Introduzione di Hans Urs von Balthasar ; traduzione italiana di Guido Sommavilla. 260 $aCasale Monferrato :$bPiemme,$c1993. 300 $a365 p. ;$c22 cm. 490 0 $aPiemme direct 650 4$aAgostino, Aurelio . Confessiones.$0(OLS)http://semarc/subject/1336 700 1 $aBalthasar, Hans Urs : von,$c.$0(OLS)http://semarc/name/881 700 1 $aSommavilla, Guido,$c.$0(OLS)http://semarc/name/89230 830 0$aPiemme direct.$0(OLS)http://semarc/title/10035 850 $aSeMil 852 $aSeMil$W1$xVenegono$y1$m2T II 135$j64673$B64673$CSeMilBibl$Z2$F72497 $81 900 1 $aAgostino : d'Ippona. 900 1 $aSant'Agostino. 961 $aOmaggio: Altro 996 $6245$aLe confessioni$9(OLS)http://semarc/title/25229 996 $6260$aCasale Monferrato :$bPiemme$9(OLS)http://semarc/publisher/29798